Discographie de Ziak - Statistiques

Statistiques générales
  • Ce quiz a été pris 273 fois
    216 depuis la dernière actualisation
  • Le résultat moyen est 41 sur 80
Statistiques - réponses
Akimbo % Correct
3 Akimbo
94%
Kerchak Peur
92%
17 Fixette
90%
2 Chrome
82%
Raspoutine
79%
4 Même pas un grincement
72%
22 La tombe de Marley - Bonus
71%
11 Rien ne se remplace (feat.Kaaris)
71%
Kerchak T'aimerais
71%
7 Camion de glace (feat.Jolagreen23)
69%
4 Galerie
69%
2 Grabba
69%
Raplume Talent
69%
12 Room (feat.Josman)
66%
Ronaldo
65%
Double Dash
64%
9 Shonen
64%
Quatre
62%
10 S.P.S
60%
LG
58%
HOUDI MODE HARDCORE
57%
8 Rhum & Machette (feat.Maes)
57%
3 Tomb Raider
57%
18 Vautours (feat.Koba LaD)
57%
1 Capitale risque
56%
15 Chassé-croisé
56%
Flocko
55%
3 IOS
55%
23 Sac à main - Bonus
55%
17 Garçons de café
54%
18 Manuel de vengeance - Bonus
54%
21 Bad Bad - Bonus
53%
20 Rupture - Bonus
53%
6 Zulu (feat.Zed)
53%
Trafiquinte Brownie
52%
12 Coffre
52%
9 Canaries
51%
15 Pistol & Zamal
51%
8 Belle madame
49%
1 Démonstration
49%
10 Grain de riz
49%
1 Parasite
49%
5 Espace
48%
6 Seinen
48%
2 La zalousie (interlude)
47%
14 Le peuple de la recharge (feat.TH)
47%
4 Solide
47%
13 Lloret de Mar
46%
16 Story
46%
16 Prière
45%
Ca suffit
44%
25 Fin d'une ère - Bonus
44%
5 Lieu & Heure
44%
14 Désolé
43%
13 La nuit
43%
15 Le pacte
43%
6 Vrai/Faux
43%
C'est la vie
42%
24 J'suis en pétard - Bonus
42%
11 La plage
42%
14 Lauiss
42%
16 Halla
40%
Lacrim Habibi
39%
19 Maudit Land - Bonus
39%
5 Op Ganté
38%
19 You know
38%
7 Gros lot
37%
10 Mauvais jour
37%
7 Ambiance vandale
35%
8 Pourquoi
35%
1 2 3 soleil
34%
11 Badman Trip
34%
9 Le crime parfait
33%
Shtar Academy, Ryan Porte sans poignée
33%
17 Cette vie
30%
18 Dans les règles
30%
13 Rappel des faits
27%
LD Rich Porter - France Brexit Remix
27%
12 Pour une fois
24%
Zed Mauvaise mine
22%
Aucun quiz correspondant
Distribution des résultats
% des personnes avec chaque résultat
Percentile par nombre de réponses
Votre historique - résultats
Vous n’avez pas pris ce quiz depuis la dernière actualisation